<?xml version="1.0" encoding="UTF-8"?>
<record
    xmlns:xsi="http://www.w3.org/2001/XMLSchema-instance"
    xsi:schemaLocation="http://www.loc.gov/MARC21/slim http://www.loc.gov/standards/marcxml/schema/MARC21slim.xsd"
    xmlns="http://www.loc.gov/MARC21/slim">

  <leader>00515cam8a220018100 4500</leader>
  <controlfield tag="001">zam00000138</controlfield>
  <controlfield tag="008">970717n        xx                  eng u</controlfield>
  <datafield tag="035" ind1=" " ind2=" ">
    <subfield code="a">(Sirsi) r130138</subfield>
  </datafield>
  <datafield tag="040" ind1=" " ind2=" ">
    <subfield code="d">UPRA</subfield>
  </datafield>
  <datafield tag="100" ind1=" " ind2=" ">
    <subfield code="a">Parry, Geraint.</subfield>
    <subfield code="6">A40245.2</subfield>
  </datafield>
  <datafield tag="245" ind1="1" ind2="0">
    <subfield code="a">Political elites.</subfield>
  </datafield>
  <datafield tag="260" ind1=" " ind2=" ">
    <subfield code="a">York :</subfield>
    <subfield code="b">Praeger Publishers,</subfield>
    <subfield code="c">1969.</subfield>
  </datafield>
  <datafield tag="520" ind1=" " ind2=" ">
    <subfield code="a">Deals with elites in politics.</subfield>
  </datafield>
  <datafield tag="650" ind1=" " ind2="4">
    <subfield code="a">Elite.</subfield>
    <subfield code="6">S76430.1</subfield>
  </datafield>
  <datafield tag="650" ind1=" " ind2="4">
    <subfield code="a">Elite -- Politics.</subfield>
    <subfield code="x">Elite -- Politics.</subfield>
    <subfield code="6">S76529.1</subfield>
  </datafield>
  <datafield tag="949" ind1="1" ind2="0">
    <subfield code="m">INESOR</subfield>
    <subfield code="t">BOOK</subfield>
    <subfield code="l">ON-SHELF</subfield>
  </datafield>
  <controlfield tag="004">130138</controlfield>
  <datafield tag="999" ind1=" " ind2=" ">
    <subfield code="c">21942</subfield>
    <subfield code="d">21942</subfield>
  </datafield>
</record>
